000 00474nam a2200169Ia 4500
008 110201s9999 xx 000 0 und d
082 _bB4064
_aK 1706
100 _aकाळे वैजयंती
245 _aभुरळ
260 _bदिलीप प्रकाशन
365 _b70
600 _aकाळे वैजयंती
630 _aभुरळ
700 _aकाळे वैजयंती
730 _aभुरळ
942 _cBOOK
999 _c830564
_d830561